Návrh a simulácia robotizovaného pracoviska v prostredí Robot Studio
Uložené v:
| Hlavný autor: | |
|---|---|
| Ďalší autori: | |
| Médium: | Rukopis Kniha |
| Jazyk: | Slovak |
| Vydavateľské údaje: |
Bratislava :
STU v Bratislave SjF,
2012
|
| Predmet: | |
| On-line prístup: | VAIS |
| Tagy: |
Žiadne tagy, Buďte prvý, kto otaguje tento záznam!
|
MARC
| LEADER | 00000ntm a22000003a 4500 | ||
|---|---|---|---|
| 001 | stu263995 | ||
| 005 | 20150617230221.2 | ||
| 008 | 130313s2012----xo------------------slo-d | ||
| 040 | |a STU |b slo | ||
| 041 | 0 | |a slo | |
| 044 | |a xo | ||
| 100 | 1 | |a Šmitala, Pavol, |d 1987- |4 aut |u J |T SjF Strojnícka fakulta |X 44900 |U J |Y 20 |7 A000044900 | |
| 242 | 0 | 0 | |a Design and simulation of robotic workstation in RobotStudio environment |y eng |
| 245 | 1 | |a Návrh a simulácia robotizovaného pracoviska v prostredí Robot Studio | |
| 260 | |a Bratislava : |b STU v Bratislave SjF, |c 2012 | ||
| 650 | 7 | |a automatizácia a informatizácia strojov a procesov |2 stusub | |
| 650 | 7 | |a Automation and Informatics of Machines and Processes |2 estusub | |
| 650 | 7 | |a simulation |2 estusub | |
| 650 | 7 | |a robot |2 estusub | |
| 650 | 7 | |a simulácia |2 stusub | |
| 700 | 1 | |a Vachálek, Ján, |d 1973- |4 ths |u J0020 |U SjF Strojnícka fakulta |T SjF Ústav automatizácie, merania a aplikovanej informatiky |X 2232 |U J0020 |Y 802 |7 A000002232 | |
| 856 | 4 | |a info a plný text |u http://is.stuba.sk/zp/portal_zp.pl?podrobnosti=85264 |3 VAIS | |